[Event "Rohde op 10th"]
[Site "Sautron"]
[Date "2010.10.28"]
[Round "7.3"]
[White "Prohaszka, Peter"]
[Black "Dziuba, Marcin"]
[Result "1/2-1/2"]
[WhiteElo "2529"]
[BlackElo "2579"]
[PlyCount "76"]
[EventDate "2010.10.23"]
[EventType "swiss"]
[EventRounds "9"]
[EventCountry "FRA"]
[SourceDate "2010.10.30"]

1. c4 c6 2. Nf3 d5 3. g3 Bg4 4. Bg2 e6 5. O-O Nd7 6. cxd5 exd5 7. d3 Ngf6 8.
Nc3 Bxf3 9. Bxf3 d4 10. Nb1 Be7 11. Nd2 Ne5 12. Bg2 O-O 13. Qc2 a5 14. Nc4 Nxc4
15. Qxc4 Re8 16. Bf4 Bd6 17. Bxd6 Qxd6 18. Bf3 Re5 19. Rab1 Rc5 20. Qa4 Rb5 21.
a3 Nd7 22. b4 Nb6 23. Qc2 axb4 24. Rxb4 Rxa3 25. Rxb5 cxb5 26. Rb1 b4 27. Bxb7
g6 28. Kg2 Kg7 29. Qc6 Qxc6+ 30. Bxc6 Rc3 31. Bb5 b3 32. Kf3 f5 33. e3 Kf6 34.
exd4 g5 35. g4 fxg4+ 36. Kxg4 h5+ 37. Kxh5 Kf5 38. Kh6 Kf6 1/2-1/2

[Event "Rohde op 10th"]
[Site "Sautron"]
[Date "2010.10.26"]
[Round "5.1"]
[White "Gajewski, Grzegorz"]
[Black "Abbasov, Farid"]
[Result "1-0"]
[WhiteElo "2568"]
[BlackElo "2540"]
[PlyCount "81"]
[EventDate "2010.10.23"]
[EventType "swiss"]
[EventRounds "9"]
[EventCountry "FRA"]
[SourceDate "2010.10.30"]

1. d4 d5 2. c4 e6 3. Nf3 Nf6 4. g3 Bb4+ 5. Nbd2 O-O 6. Bg2 c6 7. O-O b6 8. Ne5
Bb7 9. a3 Be7 10. e4 Nbd7 11. Nxd7 Nxd7 12. b3 dxe4 13. Nxe4 Nf6 14. Bf4 Nxe4
15. Bxe4 Qd7 16. Qc2 h6 17. Rfd1 Rfd8 18. c5 b5 19. Qe2 a5 20. Bc2 Bf8 21. Qe4
f5 22. Qe1 Qf7 23. b4 a4 24. Bb1 Bc8 25. Ra2 Ra7 26. Re2 Re7 27. Ba2 Ree8 28.
Rd3 Kh8 29. Be5 Bd7 30. Rde3 Bc8 31. h3 Qh5 32. g4 fxg4 33. hxg4 Qxg4+ 34. Rg3
Qh4 35. Re4 Qh5 36. Reg4 Rd5 37. Bb1 Rxe5 38. dxe5 g5 39. f4 Be7 40. Qe4 Qf7
41. fxg5 1-0

[Event "Rohde op 10th"]
[Site "Sautron"]
[Date "2010.10.25"]
[Round "4.2"]
[White "Dziuba, Marcin"]
[Black "Pap, Gyula"]
[Result "1/2-1/2"]
[WhiteElo "2579"]
[BlackElo "2519"]
[PlyCount "103"]
[EventDate "2010.10.23"]
[EventType "swiss"]
[EventRounds "9"]
[EventCountry "FRA"]
[SourceDate "2010.10.30"]

1. d4 Nf6 2. c4 e6 3. g3 d5 4. Nf3 Bb4+ 5. Bd2 Be7 6. Bg2 O-O 7. O-O c6 8. Qc2
b6 9. Rd1 Ba6 10. b3 Nbd7 11. a4 c5 12. Na3 Bb7 13. Qb2 Ne4 14. Be1 Bf6 15. e3
Rc8 16. Rac1 Qc7 17. b4 Qb8 18. Qe2 cxd4 19. Nxd4 Ne5 20. cxd5 exd5 21. b5 Rxc1
22. Rxc1 Qd6 23. Nac2 Rc8 24. Rb1 Nc3 25. Bxc3 Rxc3 26. Nb4 g6 27. h3 h5 28.
Qd2 Ra3 29. Qd1 Qc5 30. Kh1 Qd6 31. Ne2 Nc4 32. Nxd5 Nb2 33. Qd2 Bxd5 34. Qxd5
Qxd5 35. Bxd5 Nd3 36. Kg2 Rxa4 37. Rd1 Nc5 38. Nf4 Kg7 39. Bc6 Ra1 40. Rd2 Rb1
41. Nd5 Rb2 42. Rxb2 Bxb2 43. f4 Kf8 44. Kf3 f6 45. e4 Bd4 46. h4 Kf7 47. Nb4
Bc3 48. Bd5+ Kg7 49. Nc6 a6 50. bxa6 Nxa6 51. e5 Nb4 52. Nxb4 1/2-1/2

[Event "Rohde op 10th"]
[Site "Sautron"]
[Date "2010.10.??"]
[Round "9.2"]
[White "Gajewski, Grzegorz"]
[Black "Prohaszka, Peter"]
[Result "1/2-1/2"]
[WhiteElo "2568"]
[BlackElo "2529"]
[PlyCount "28"]
[EventDate "2010.10.23"]
[EventType "swiss"]
[EventRounds "9"]
[EventCountry "FRA"]
[SourceDate "2010.10.30"]

1. d4 d5 2. Nf3 Nf6 3. c4 e6 4. g3 Be7 5. Bg2 O-O 6. O-O dxc4 7. Qc2 a6 8. Qxc4
b5 9. Qc2 Bb7 10. Bd2 Be4 11. Qc1 Bb7 12. Qc2 Be4 13. Qc1 Bb7 14. Qc2 Be4
1/2-1/2

[Event "Rohde op 10th"]
[Site "Sautron"]
[Date "2010.10.28"]
[Round "7.1"]
[White "Gajewski, Grzegorz"]
[Black "Berczes, David"]
[Result "1/2-1/2"]
[WhiteElo "2568"]
[BlackElo "2520"]
[PlyCount "51"]
[EventDate "2010.10.23"]
[EventType "swiss"]
[EventRounds "9"]
[EventCountry "FRA"]
[SourceDate "2010.10.30"]

1. d4 d5 2. c4 c6 3. Nf3 Nf6 4. Nc3 dxc4 5. a4 e6 6. e3 c5 7. Bxc4 Nc6 8. O-O
cxd4 9. exd4 Be7 10. Re1 O-O 11. Bg5 Bd7 12. Rc1 Nb4 13. Qb3 Nc6 14. Bd3 Qb6
15. Qd1 Nb4 16. Bb1 Bc6 17. Ne5 Rad8 18. Be3 Nbd5 19. Qe2 Nxe3 20. fxe3 Be8 21.
Rf1 Nd7 22. Nc4 Qc7 23. Be4 Nf6 24. Bd3 Qb8 25. Rf3 Ng4 26. Rf4 1/2-1/2

[Event "Rohde op 10th"]
[Site "Sautron"]
[Date "2010.10.29"]
[Round "8.1"]
[White "Pap, Gyula"]
[Black "Gajewski, Grzegorz"]
[Result "1/2-1/2"]
[WhiteElo "2519"]
[BlackElo "2568"]
[PlyCount "51"]
[EventDate "2010.10.23"]
[EventType "swiss"]
[EventRounds "9"]
[EventCountry "FRA"]
[SourceDate "2010.10.30"]

1. d4 Nf6 2. c4 e6 3. Nf3 d5 4. Nc3 dxc4 5. e3 a6 6. a4 c5 7. Bxc4 Nc6 8. O-O
Be7 9. dxc5 Bxc5 10. Qxd8+ Kxd8 11. Bd2 Ke7 12. Rfd1 Bd7 13. Na2 a5 14. Rac1
Rhc8 15. Bb5 Bd6 16. Bc3 Nb4 17. Bxf6+ gxf6 18. Bxd7 Rxc1 19. Nxc1 Kxd7 20. Nd4
Ke7 21. Ncb3 Be5 22. Kf1 b6 23. Rc1 Nd3 24. Rc2 Bxd4 25. Nxd4 Nc5 26. Rc4
1/2-1/2

[Event "Rohde op 10th"]
[Site "Sautron"]
[Date "2010.10.??"]
[Round "9.3"]
[White "Lalic, Bogdan"]
[Black "Dziuba, Marcin"]
[Result "1/2-1/2"]
[WhiteElo "2495"]
[BlackElo "2579"]
[PlyCount "49"]
[EventDate "2010.10.23"]
[EventType "swiss"]
[EventRounds "9"]
[EventCountry "FRA"]
[SourceDate "2010.10.30"]

1. d4 Nf6 2. c4 g6 3. Nc3 Bg7 4. e4 d6 5. Nf3 O-O 6. Be2 Nbd7 7. O-O e5 8. Qc2
exd4 9. Nxd4 Re8 10. Rd1 Qe7 11. f3 c6 12. Bf1 Nc5 13. Bg5 h6 14. Bh4 a5 15.
Rab1 a4 16. b4 axb3 17. axb3 Ne6 18. Bf2 Nxd4 19. Bxd4 Be6 20. Qd2 Kh7 21. Na4
Rad8 22. Qf2 Qf8 23. Ra1 Nd7 24. Bxg7 Qxg7 25. Qd4 1/2-1/2

[Event "Rohde op 10th"]
[Site "Sautron"]
[Date "2010.10.29"]
[Round "8.2"]
[White "Berczes, David"]
[Black "Maiorov, Nikita"]
[Result "1-0"]
[WhiteElo "2520"]
[BlackElo "2546"]
[PlyCount "53"]
[EventDate "2010.10.23"]
[EventType "swiss"]
[EventRounds "9"]
[EventCountry "FRA"]
[SourceDate "2010.10.30"]

1. d4 Nf6 2. c4 e6 3. Nf3 b6 4. g3 Bb7 5. Bg2 Be7 6. Nc3 O-O 7. Qc2 c5 8. d5
exd5 9. Nh4 Nc6 10. cxd5 Nd4 11. Qd3 Qc8 12. Be3 Ne8 13. Bxd4 cxd4 14. Nf5 Bc5
15. Nxd4 Nd6 16. O-O Ba6 17. Qd1 Qd8 18. Qa4 Bc4 19. Rfd1 a6 20. Qc2 a5 21. Ne4
Rc8 22. Nxd6 Bxd6 23. Nf5 Bb8 24. d6 Rc5 25. Ne7+ Kh8 26. Rd4 b5 27. Qxh7+ 1-0

[Event "Rohde op 10th"]
[Site "Sautron"]
[Date "2010.10.24"]
[Round "2.12"]
[White "Berczes, David"]
[Black "Prohaszka, Peter"]
[Result "1/2-1/2"]
[WhiteElo "2520"]
[BlackElo "2529"]
[PlyCount "51"]
[EventDate "2010.10.23"]
[EventType "swiss"]
[EventRounds "9"]
[EventCountry "FRA"]
[SourceDate "2010.10.30"]

1. d4 Nf6 2. c4 e6 3. Nc3 Bb4 4. Qc2 O-O 5. a3 Bxc3+ 6. Qxc3 d5 7. Nf3 dxc4 8.
Qxc4 b6 9. Bg5 Ba6 10. Qa4 c5 11. dxc5 bxc5 12. Rd1 Qb6 13. Bxf6 gxf6 14. Rd2
Nc6 15. Qg4+ Kh8 16. Qh4 Kg7 17. Qg4+ Kh8 18. Qh4 Kg7 19. Ng5 fxg5 20. Qxg5+
Kh8 21. Qf6+ Kg8 22. Qg5+ Kh8 23. Qf6+ Kg8 24. Qg5+ Kh8 25. Qf6+ Kg8 26. Qg5+
1/2-1/2

[Event "Rohde op 10th"]
[Site "Sautron"]
[Date "2010.10.25"]
[Round "4.3"]
[White "Gonda, Laszlo"]
[Black "Lalic, Bogdan"]
[Result "1/2-1/2"]
[WhiteElo "2550"]
[BlackElo "2495"]
[PlyCount "74"]
[EventDate "2010.10.23"]
[EventType "swiss"]
[EventRounds "9"]
[EventCountry "FRA"]
[SourceDate "2010.10.30"]

1. Nf3 Nf6 2. c4 e6 3. g3 d5 4. b3 Be7 5. Bg2 O-O 6. O-O c5 7. Bb2 d4 8. e3 Nc6
9. exd4 cxd4 10. Re1 Ne8 11. Ne5 Nxe5 12. Rxe5 f6 13. Re1 e5 14. f4 exf4 15.
Qf3 Nc7 16. Qxf4 Ne6 17. Qf5 Nc7 18. Qf2 Bc5 19. Ba3 Bxa3 20. Nxa3 Qd6 21. Nc2
Rd8 22. d3 Rb8 23. Re4 Ne6 24. Rae1 b5 25. Qf5 Nf8 26. Qd5+ Qxd5 27. cxd5 Bf5
28. Re7 Bd7 29. Nxd4 Ng6 30. R7e2 Ne5 31. Rd2 Rbc8 32. Ne2 Re8 33. Rc1 Rxc1+
34. Nxc1 Rc8 35. Ne2 Kf8 36. d4 Ng4 37. Be4 Kg8 1/2-1/2

[Event "Rohde op 10th"]
[Site "Sautron"]
[Date "2010.10.27"]
[Round "6.2"]
[White "Haub, Thorsten Michael"]
[Black "Maiorov, Nikita"]
[Result "1-0"]
[WhiteElo "2498"]
[BlackElo "2546"]
[PlyCount "95"]
[EventDate "2010.10.23"]
[EventType "swiss"]
[EventRounds "9"]
[EventCountry "FRA"]
[SourceDate "2010.10.30"]

1. g3 d5 2. Bg2 c6 3. d3 Nf6 4. Nf3 Bg4 5. O-O Nbd7 6. Qe1 e5 7. e4 dxe4 8.
dxe4 Bc5 9. Nbd2 O-O 10. Nc4 Re8 11. Ne3 Bh5 12. Nf5 Qc7 13. a4 Bf8 14. N3h4
Nc5 15. f3 Nfd7 16. Kh1 f6 17. Ne3 Bf7 18. Rf2 Ne6 19. Bf1 Nd4 20. Bc4 Nc5 21.
b3 Bxc4 22. Nxc4 Qf7 23. Ne3 Rad8 24. Ba3 Rd7 25. Qc3 Na6 26. Bxf8 Qxf8 27.
Qc4+ Ne6 28. Rd1 Rd4 29. Rxd4 exd4 30. Nd1 Qc5 31. Nb2 Qxc4 32. Nxc4 d3 33.
cxd3 Rd8 34. e5 Nd4 35. f4 Nc5 36. Nd6 Ndxb3 37. Rc2 fxe5 38. fxe5 Rd7 39. Rc3
b6 40. Nf3 Na5 41. d4 Nxa4 42. Re3 Kf8 43. Ng5 h6 44. Rf3+ Kg8 45. e6 Re7 46.
Rf7 Rxf7 47. exf7+ Kf8 48. Nh7+ 1-0

[Event "Rohde op 10th"]
[Site "Sautron"]
[Date "2010.10.25"]
[Round "3.1"]
[White "Gajewski, Grzegorz"]
[Black "Koziak, Vitali"]
[Result "1-0"]
[WhiteElo "2568"]
[BlackElo "2467"]
[PlyCount "67"]
[EventDate "2010.10.23"]
[EventType "swiss"]
[EventRounds "9"]
[EventCountry "FRA"]
[SourceDate "2010.10.30"]

1. d4 d5 2. c4 c6 3. Nf3 e6 4. Nc3 dxc4 5. a4 Bb4 6. g3 c5 7. Bg2 Nc6 8. Be3
Nf6 9. dxc5 Qxd1+ 10. Rxd1 Ne4 11. Nd2 Nxc5 12. Bxc5 Bxc5 13. Nxc4 Rb8 14. O-O
Bb4 15. Rd3 Ke7 16. Bxc6 bxc6 17. Ne5 Rb6 18. Na2 f6 19. Nxc6+ Rxc6 20. Nxb4
Rb6 21. Rc1 Kf7 22. Rc7+ Kg6 23. Nc6 Bb7 24. Ne7+ Kg5 25. h4+ Kg4 26. Rd4+ Kh5
27. b4 a6 28. Rc5+ e5 29. a5 Re6 30. Rd7 Be4 31. f3 Bb1 32. Nd5 f5 33. Nc3 Bc2
34. Rd2 1-0

[Event "Rohde op 10th"]
[Site "Sautron"]
[Date "2010.10.29"]
[Round "8.3"]
[White "Dziuba, Marcin"]
[Black "Pogorelov, Ruslan"]
[Result "1-0"]
[WhiteElo "2579"]
[BlackElo "2447"]
[PlyCount "117"]
[EventDate "2010.10.23"]
[EventType "swiss"]
[EventRounds "9"]
[EventCountry "FRA"]
[SourceDate "2010.10.30"]

1. d4 Nf6 2. c4 e6 3. Nf3 b6 4. g3 Ba6 5. Qc2 Bb7 6. Bg2 c5 7. d5 exd5 8. cxd5
Nxd5 9. O-O Be7 10. Rd1 Nc7 11. Nc3 Ne6 12. Ne5 Bxg2 13. Kxg2 a6 14. Nd5 O-O
15. Nc4 Nc6 16. Ndxb6 Ra7 17. Be3 Re8 18. Qa4 Ned4 19. Bxd4 cxd4 20. Nd5 Bf8
21. Rd2 Qg5 22. Nf4 Qb5 23. Qxb5 axb5 24. Nb6 Rb7 25. Nbd5 b4 26. e3 dxe3 27.
Nxe3 Ra8 28. Nc4 Na5 29. Nxa5 Rxa5 30. b3 g6 31. Nd5 Kg7 32. Rc1 Bc5 33. Rcc2
d6 34. g4 Ra8 35. Re2 h6 36. h4 Kf8 37. Kf3 f5 38. gxf5 gxf5 39. Kf4 Rf7 40. f3
Ra5 41. h5 Rfa7 42. Kxf5 Rf7+ 43. Ke4 Ra8 44. f4 Re8+ 45. Kd3 Rxe2 46. Rxe2 Rf5
47. Kc4 Rxh5 48. Nxb4 Bxb4 49. Kxb4 Rf5 50. a4 Kf7 51. a5 Rxf4+ 52. Kb5 Rf3 53.
b4 Ra3 54. Ka6 Rb3 55. b5 d5 56. b6 d4 57. b7 d3 58. Rd2 Ke6 59. Rxd3 1-0

[Event "Rohde op 10th"]
[Site "Sautron"]
[Date "2010.10.27"]
[Round "6.3"]
[White "Lalic, Bogdan"]
[Black "Prohaszka, Peter"]
[Result "1/2-1/2"]
[WhiteElo "2495"]
[BlackElo "2529"]
[PlyCount "47"]
[EventDate "2010.10.23"]
[EventType "swiss"]
[EventRounds "9"]
[EventCountry "FRA"]
[SourceDate "2010.10.30"]

1. c4 c6 2. d4 d5 3. Nf3 Nf6 4. Nc3 dxc4 5. a4 Bf5 6. Ne5 Nbd7 7. Nxc4 Nb6 8.
Ne5 a5 9. g3 e6 10. Bg2 Bb4 11. O-O O-O 12. e3 h6 13. Qe2 Bh7 14. Rd1 Nbd7 15.
Nxd7 Nxd7 16. e4 Qe7 17. Be3 Rfd8 18. d5 exd5 19. exd5 Rac8 20. dxc6 bxc6 21.
Bf4 Qxe2 22. Nxe2 Nc5 23. Nd4 Be4 24. Bxe4 1/2-1/2

[Event "Rohde op 10th"]
[Site "Sautron"]
[Date "2010.10.25"]
[Round "4.1"]
[White "Stets, Dmitry"]
[Black "Gajewski, Grzegorz"]
[Result "0-1"]
[WhiteElo "2454"]
[BlackElo "2568"]
[PlyCount "46"]
[EventDate "2010.10.23"]
[EventType "swiss"]
[EventRounds "9"]
[EventCountry "FRA"]
[SourceDate "2010.10.30"]

1. e4 c5 2. Nf3 d6 3. d4 cxd4 4. Nxd4 Nf6 5. Nc3 a6 6. Be3 e5 7. Nb3 Be7 8. Qd2
O-O 9. O-O-O Be6 10. f4 b5 11. f5 Bd7 12. Be2 Bc6 13. Bf3 a5 14. Qd3 a4 15. Nd2
a3 16. b3 Na6 17. Kb1 Qa5 18. Nf1 Rac8 19. Qd2 b4 20. Nd5 Bxd5 21. exd5 Nc7 22.
Qd3 Nb5 23. Bd2 Rc3 0-1

[Event "Rohde op 10th"]
[Site "Sautron"]
[Date "2010.10.24"]
[Round "2.1"]
[White "Dziuba, Marcin"]
[Black "Ivanov, Jordan"]
[Result "1/2-1/2"]
[WhiteElo "2579"]
[BlackElo "2437"]
[PlyCount "60"]
[EventDate "2010.10.23"]
[EventType "swiss"]
[EventRounds "9"]
[EventCountry "FRA"]
[SourceDate "2010.10.30"]

1. d4 Nf6 2. c4 d6 3. Nf3 g6 4. g3 Bg7 5. Bg2 O-O 6. Nc3 Nbd7 7. O-O e5 8. e4
c6 9. h3 Qa5 10. Re1 exd4 11. Nxd4 Ne5 12. Bf1 Re8 13. Rb1 d5 14. b4 Qd8 15.
cxd5 cxd5 16. Bg5 dxe4 17. Nxe4 Bf5 18. Nxf5 Qxd1 19. Nxf6+ Bxf6 20. Rexd1 Nf3+
21. Kg2 Nxg5 22. Nd6 Re7 23. Bc4 b6 24. Rb3 Rf8 25. Ra3 Rd8 26. Rad3 Kf8 27. h4
Ne6 28. Ne4 Rxd3 29. Bxd3 Bg7 30. Bc4 Nd4 1/2-1/2

[Event "Rohde op 10th"]
[Site "Sautron"]
[Date "2010.10.28"]
[Round "7.2"]
[White "Pap, Gyula"]
[Black "Haub, Thorsten Michael"]
[Result "1-0"]
[WhiteElo "2519"]
[BlackElo "2498"]
[PlyCount "79"]
[EventDate "2010.10.23"]
[EventType "swiss"]
[EventRounds "9"]
[EventCountry "FRA"]
[SourceDate "2010.10.30"]

1. d4 g6 2. c4 Bg7 3. Nf3 d6 4. g3 f5 5. Bg2 Nf6 6. b3 O-O 7. Bb2 c6 8. O-O Qe8
9. Nbd2 h6 10. e3 Na6 11. Rb1 Rb8 12. a3 Be6 13. Ne1 Bf7 14. Nd3 b5 15. Qc2
bxc4 16. bxc4 Qc8 17. Bc3 Rxb1 18. Rxb1 Nd7 19. Nb4 Nxb4 20. axb4 c5 21. Qa4
cxd4 22. Bxd4 Bxd4 23. exd4 Nb6 24. Qxa7 Nxc4 25. Rc1 d5 26. Nxc4 dxc4 27. Qxe7
Qa6 28. Qc5 Qa3 29. Re1 Qc3 30. Re7 Qc1+ 31. Bf1 f4 32. d5 c3 33. Rc7 fxg3 34.
hxg3 Qd1 35. Qxc3 Qxd5 36. b5 Qd1 37. b6 Re8 38. b7 Qb1 39. Qf6 Qb3 40. Qxf7+
1-0

[Event "Rohde op 10th"]
[Site "Sautron"]
[Date "2010.10.26"]
[Round "5.2"]
[White "Bailet, Pierre"]
[Black "Dziuba, Marcin"]
[Result "0-1"]
[WhiteElo "2432"]
[BlackElo "2579"]
[PlyCount "52"]
[EventDate "2010.10.23"]
[EventType "swiss"]
[EventRounds "9"]
[EventCountry "FRA"]
[SourceDate "2010.10.30"]

1. e4 c6 2. d4 d5 3. Nc3 dxe4 4. Nxe4 Bf5 5. Ng3 Bg6 6. h4 h6 7. Nf3 Nd7 8. h5
Bh7 9. Bd3 Bxd3 10. Qxd3 e6 11. Bd2 Ngf6 12. O-O-O Be7 13. Ne4 Nxe4 14. Qxe4
Nf6 15. Qe2 Qd5 16. c4 Qe4 17. Qxe4 Nxe4 18. Be3 f5 19. Nd2 Nf6 20. f3 Kf7 21.
Kc2 Rhd8 22. Bf2 b5 23. c5 Nd5 24. Rde1 Nb4+ 25. Kc3 Bxc5 26. dxc5 Rd3+ 0-1

[Event "Rohde op 10th"]
[Site "Sautron"]
[Date "2010.10.28"]
[Round "7.4"]
[White "Koziak, Vitali"]
[Black "Abbasov, Farid"]
[Result "1/2-1/2"]
[WhiteElo "2467"]
[BlackElo "2540"]
[PlyCount "58"]
[EventDate "2010.10.23"]
[EventType "swiss"]
[EventRounds "9"]
[EventCountry "FRA"]
[SourceDate "2010.10.30"]

1. e4 c5 2. c3 d5 3. exd5 Qxd5 4. d4 g6 5. Nf3 Bg7 6. Be3 cxd4 7. cxd4 Qa5+ 8.
Nc3 Nh6 9. Bb5+ Bd7 10. Qb3 Nf5 11. O-O Bxb5 12. Qxb5+ Qxb5 13. Nxb5 Na6 14.
Rac1 Kd7 15. Ne5+ Ke6 16. Nc6 Kd7 17. Ncxa7 e6 18. Rc4 Ne7 19. Rfc1 Nd5 20. Bd2
Bf6 21. a3 h5 22. g3 Rhb8 23. Ba5 Bg5 24. Re1 Bf6 25. b3 Be7 26. Rec1 Bg5 27.
R1c2 Be7 28. Rc1 Bg5 29. R1c2 Be7 1/2-1/2

[Event "Rohde op 10th"]
[Site "Sautron"]
[Date "2010.10.24"]
[Round "2.2"]
[White "Bailet, Pierre"]
[Black "Gajewski, Grzegorz"]
[Result "0-1"]
[WhiteElo "2432"]
[BlackElo "2568"]
[PlyCount "44"]
[EventDate "2010.10.23"]
[EventType "swiss"]
[EventRounds "9"]
[EventCountry "FRA"]
[SourceDate "2010.10.30"]

1. e4 c5 2. Nf3 e6 3. d4 cxd4 4. Nxd4 a6 5. Bd3 Bc5 6. Nb3 Ba7 7. Nc3 Nc6 8.
Qe2 d6 9. Be3 Nf6 10. O-O-O b5 11. f4 b4 12. Na4 O-O 13. Bxa7 Rxa7 14. Qf2 Nd7
15. Nd4 Rc7 16. Kb1 Bb7 17. Rhe1 Qb8 18. Nf3 e5 19. f5 Ne7 20. Nb6 Qa7 21. f6
Ng6 22. fxg7 Kxg7 0-1

[Event "Rohde op 10th"]
[Site "Sautron"]
[Date "2010.10.26"]
[Round "5.3"]
[White "Gonda, Laszlo"]
[Black "Ivanov, Jordan"]
[Result "0-1"]
[WhiteElo "2550"]
[BlackElo "2437"]
[PlyCount "81"]
[EventDate "2010.10.23"]
[EventType "swiss"]
[EventRounds "9"]
[EventCountry "FRA"]
[SourceDate "2010.10.30"]

1. Nf3 d6 2. d4 Nf6 3. c4 g6 4. Nc3 Bf5 5. d5 Bg7 6. Nd4 Bd7 7. e4 c5 8. Nc2
O-O 9. Be2 e6 10. dxe6 Bxe6 11. O-O Nc6 12. Bf4 Qb6 13. Rb1 Rad8 14. Bg5 h6 15.
Bh4 Qa6 16. Ne3 g5 17. Bg3 Nxe4 18. Nxe4 f5 19. Nd5 Nd4 20. Nec3 Bxd5 21. Nxd5
f4 22. Bd3 Qxa2 23. Qh5 Rde8 24. Qg6 Re6 25. Qh7+ Kf7 26. Rbe1 Rh8 27. Rxe6
Rxh7 28. Re7+ Kg8 29. Rfe1 Qb3 30. Bg6 Qxc4 31. Re8+ Bf8 32. Nf6+ Kg7 33. Nxh7
Kxg6 34. Nxf8+ Kh5 35. f3 fxg3 36. hxg3 Qc2 37. R8e3 g4 38. fxg4+ Kxg4 39. Kh2
Qf2 40. Re4+ Kg5 41. R4e3 0-1

[Event "Rohde op 10th"]
[Site "Sautron"]
[Date "2010.10.29"]
[Round "8.4"]
[White "Bailet, Pierre"]
[Black "Gonda, Laszlo"]
[Result "1/2-1/2"]
[WhiteElo "2432"]
[BlackElo "2550"]
[PlyCount "56"]
[EventDate "2010.10.23"]
[EventType "swiss"]
[EventRounds "9"]
[EventCountry "FRA"]
[SourceDate "2010.10.30"]

1. e4 e5 2. Nf3 Nc6 3. Bb5 a6 4. Ba4 Nf6 5. O-O Be7 6. Re1 b5 7. Bb3 d6 8. c3
O-O 9. h3 Na5 10. Bc2 c5 11. d4 Qc7 12. Nbd2 Re8 13. Nf1 g6 14. b3 Bf8 15. Ng3
Bg7 16. Be3 Bd7 17. Qd2 Nb7 18. Rac1 a5 19. a3 c4 20. bxc4 bxc4 21. a4 Rab8 22.
Rb1 exd4 23. cxd4 c3 24. Qd3 d5 25. e5 Ne4 26. Bf4 Nxg3 27. Bxg3 Be6 28. Ng5
Bh6 1/2-1/2

[Event "Rohde op 10th"]
[Site "Sautron"]
[Date "2010.10.??"]
[Round "4.4"]
[White "Ivanov, Jordan"]
[Black "Maiorov, Nikita"]
[Result "1/2-1/2"]
[WhiteElo "2437"]
[BlackElo "2546"]
[PlyCount "74"]
[EventDate "2010.10.23"]
[EventType "swiss"]
[EventRounds "9"]
[EventCountry "FRA"]
[SourceDate "2010.10.30"]

1. d4 Nf6 2. c4 e6 3. Nf3 b6 4. g3 Bb7 5. Bg2 Be7 6. Nc3 O-O 7. O-O Ne4 8. Qc2
Nxc3 9. Qxc3 c5 10. Rd1 d6 11. b3 Bf6 12. Bb2 Qe7 13. Qc2 Nc6 14. Rac1 Rfd8 15.
Bc3 Rac8 16. Qb2 Nb8 17. h4 h6 18. Rd2 Na6 19. d5 Bxc3 20. Rxc3 exd5 21. cxd5
Nc7 22. Nh2 Nb5 23. Rc4 Qe5 24. Qc1 f5 25. h5 Rf8 26. e3 Nc7 27. Qd1 Qe8 28.
Rf4 Rf6 29. e4 Qe7 30. exf5 Re8 31. Ng4 Qe1+ 32. Qxe1 Rxe1+ 33. Kh2 Rf7 34. f6
Bc8 35. Ne3 Rxf6 36. Rxf6 gxf6 37. Bh3 Bb7 1/2-1/2

[Event "Rohde op 10th"]
[Site "Sautron"]
[Date "2010.10.24"]
[Round "2.3"]
[White "Gonda, Laszlo"]
[Black "Monroy, Charles"]
[Result "1/2-1/2"]
[WhiteElo "2550"]
[BlackElo "2431"]
[PlyCount "82"]
[EventDate "2010.10.23"]
[EventType "swiss"]
[EventRounds "9"]
[EventCountry "FRA"]
[SourceDate "2010.10.30"]

1. d4 d6 2. Nf3 Nf6 3. c4 g6 4. Nc3 Bg7 5. e4 O-O 6. Be2 e5 7. O-O Nc6 8. Be3
Ng4 9. Bg5 f6 10. Bh4 h5 11. d5 Ne7 12. Nd2 a5 13. a3 Bd7 14. b3 b6 15. Rc1 Nh6
16. f3 g5 17. Bf2 f5 18. b4 axb4 19. axb4 Ng6 20. c5 bxc5 21. bxc5 Nf4 22. cxd6
cxd6 23. Nc4 fxe4 24. fxe4 Ng4 25. Bxg4 Bxg4 26. Qd2 Rc8 27. Ne3 Bd7 28. Kh1
Qa5 29. Nf5 Bxf5 30. exf5 Rxf5 31. Be3 Rcf8 32. g3 Nh3 33. Rxf5 Rxf5 34. Kg2 g4
35. Qd3 Rf3 36. Qg6 Rxe3 37. Qe8+ Kh7 38. Qxh5+ Kg8 39. Qe8+ Kh7 40. Qh5+ Kg8
41. Qe8+ Kh7 1/2-1/2

[Event "Rohde op 10th"]
[Site "Sautron"]
[Date "2010.10.??"]
[Round "9.9"]
[White "Maiorov, Nikita"]
[Black "Monroy, Charles"]
[Result "1-0"]
[WhiteElo "2546"]
[BlackElo "2431"]
[PlyCount "87"]
[EventDate "2010.10.23"]
[EventType "swiss"]
[EventRounds "9"]
[EventCountry "FRA"]
[SourceDate "2010.10.30"]

1. d4 Nf6 2. c4 e6 3. Nc3 Bb4 4. Qc2 d5 5. a3 Bxc3+ 6. Qxc3 O-O 7. e3 dxc4 8.
Bxc4 b6 9. Ne2 Bb7 10. O-O Nbd7 11. b3 Rc8 12. Bb2 c5 13. Ng3 Qc7 14. Rfd1 Bd5
15. Ba6 Bb7 16. Bxb7 Qxb7 17. d5 Rce8 18. dxe6 fxe6 19. Rd3 Re7 20. Rad1 Nd5
21. Qd2 Nb8 22. e4 Nf4 23. Rd8 Ref7 24. Be5 Ng6 25. Bxb8 Rxd8 26. Qxd8+ Rf8 27.
Qd6 Qxb8 28. Qxe6+ Kh8 29. Ne2 Re8 30. Qd5 Rf8 31. g3 Qc8 32. f4 Qa6 33. Qd3
Qxa3 34. f5 c4 35. Qxc4 Ne5 36. Qc3 Qa2 37. Nc1 Qa5 38. Qxa5 bxa5 39. Rd5 Re8
40. Rxa5 Nf3+ 41. Kg2 Ne1+ 42. Kf2 Rxe4 43. Rxa7 Re8 44. Rc7 1-0

[Event "Rohde op 10th"]
[Site "Sautron"]
[Date "2010.10.29"]
[Round "8.5"]
[White "Abbasov, Farid"]
[Black "Ivanov, Jordan"]
[Result "1/2-1/2"]
[WhiteElo "2540"]
[BlackElo "2437"]
[PlyCount "79"]
[EventDate "2010.10.23"]
[EventType "swiss"]
[EventRounds "9"]
[EventCountry "FRA"]
[SourceDate "2010.10.30"]

1. d4 d5 2. c4 dxc4 3. Nf3 c5 4. e3 cxd4 5. Bxc4 Qc7 6. Qb3 e6 7. exd4 Nf6 8.
O-O Nc6 9. Nc3 a6 10. Be2 Be7 11. Bg5 O-O 12. Bh4 Rd8 13. Rfd1 Na5 14. Qc2 b5
15. Rac1 Bb7 16. Nd5 Nxd5 17. Qxc7 Nxc7 18. Bxe7 Rdc8 19. Bb4 Nc6 20. Bc5 Nd5
21. Nd2 Ncb4 22. a3 Nf4 23. Bf1 Nbd3 24. g3 Nxb2 25. gxf4 Nxd1 26. Rxd1 Bd5 27.
Rb1 f6 28. Re1 Rc6 29. Nb1 e5 30. Nc3 exd4 31. Bxd4 Re6 32. Be3 Bf3 33. h4 f5
34. Kh2 Rd8 35. Rb1 Rc6 36. Rb3 Rh6 37. Kg3 Bc6 38. Kh3 Bf3 39. Rb1 Rdd6 40.
Be2 1/2-1/2

[Event "Rohde op 10th"]
[Site "Sautron"]
[Date "2010.10.27"]
[Round "6.4"]
[White "Berczes, David"]
[Black "Stets, Dmitry"]
[Result "1-0"]
[WhiteElo "2520"]
[BlackElo "2454"]
[PlyCount "75"]
[EventDate "2010.10.23"]
[EventType "swiss"]
[EventRounds "9"]
[EventCountry "FRA"]
[SourceDate "2010.10.30"]

1. d4 Nf6 2. c4 g6 3. Nc3 Bg7 4. e4 d6 5. Nf3 O-O 6. Be2 e5 7. O-O Nc6 8. Be3
Ng4 9. Bg5 f6 10. Bh4 g5 11. Bg3 Nh6 12. dxe5 fxe5 13. Nd5 g4 14. Bh4 Qe8 15.
Ne1 Rf7 16. Bg5 Nd4 17. Nc2 Qe6 18. Nxd4 exd4 19. f4 gxf3 20. Rxf3 c6 21. Rxf7
Nxf7 22. Nc7 Qg6 23. Bh4 Bh3 24. Bg3 Rc8 25. Bh5 Qxe4 26. Bxf7+ Kxf7 27. Qh5+
Kg8 28. Qxh3 Qe3+ 29. Kh1 Rxc7 30. c5 Rf7 31. cxd6 d3 32. Qc8+ Rf8 33. d7 Qd4
34. Bc7 Bf6 35. Rf1 Qc5 36. d8=Q Bxd8 37. Qe6+ Kg7 38. Be5+ 1-0